[Event "ISR-chT"]
[Site "Israel"]
[Date "2022.01.14"]
[Round "1.4"]
[White "Givon, Asaf"]
[Black "Gorshtein, Ido"]
[Result "0-1"]
[WhiteElo "2447"]
[BlackElo "2447"]
[PlyCount "74"]
[EventDate "2022.01.14"]
[EventType "team-tourn"]
[EventRounds "11"]
[EventCountry "ISR"]
[SourceTitle "EXT 2023"]
[Source "ChessBase"]
[SourceDate "2022.10.05"]
[SourceVersion "1"]
[SourceVersionDate "2022.10.05"]
[SourceQuality "1"]
[WhiteTeam "Kfar Saba II"]
[BlackTeam "Kfar Saba"]
[WhiteTeamCountry "ISR"]
[BlackTeamCountry "ISR"]

1. e4 c6 2. d4 d5 3. Nd2 dxe4 4. Nxe4 Nf6 5. Nxf6+ exf6 6. Bc4 Na6 7. Ne2 Nc7 8. 0-0 Bd6 9. Nf4 0-0 10. c3 Bxf4 11. Bxf4 Nd5 12. Bg3 Be6 13. Bd3 Qd7 14. Re1 Bf5 15. Bxf5 Qxf5 16. Qb3 Qd7 17. a4 Rfe8 18. h3 h5 19. a5 g5 20. Rad1 h4 21. Bh2 Rxe1+ 22. Rxe1 Re8 23. Qd1 Kg7 24. Rxe8 Qxe8 25. c4 Ne7 26. Bd6 Ng6 27. d5 a6 28. b4 Qe4 29. Bc7 Nf8 30. d6 Nd7 31. Qc1 Kg6 32. Qc3 Ne5 33. c5 g4 34. hxg4 Qb1+ 35. Kh2 Nxg4+ 36. Kh3 Nxf2+ 37. Kxh4 Qh1+ 0-1

[Event "ISR-chT"]
[Site "Israel"]
[Date "2020.02.15"]
[Round "8.5"]
[White "Zoler, Dan"]
[Black "Givon, Asaf"]
[Result "1-0"]
[WhiteElo "2485"]
[BlackElo "2474"]
[PlyCount "129"]
[EventDate "2020.01.10"]
[EventType "team-tourn"]
[EventRounds "11"]
[EventCountry "ISR"]
[SourceTitle "CBM 194 Extra"]
[Source "ChessBase"]
[SourceDate "2020.03.31"]
[SourceVersion "1"]
[SourceVersionDate "2020.03.31"]
[SourceQuality "1"]
[WhiteTeam "Herzliya"]
[BlackTeam "Kfar Saba Hapoel"]
[WhiteTeamCountry "ISR"]
[BlackTeamCountry "ISR"]

1. d4 e6 2. c4 d5 3. Nf3 a6 4. c5 b6 5. cxb6 cxb6 6. Bf4 Bd6 7. e3 Nf6 8. Bd3 0-0 9. 0-0 Bb7 10. Nc3 Bxf4 11. exf4 Qd6 12. g3 Nc6 13. Rc1 g6 14. Re1 Rfc8 15. Bb1 Nd7 16. h4 Ne7 17. h5 b5 18. hxg6 hxg6 19. a3 Kg7 20. Qe2 Rh8 21. Kg2 Rac8 22. Na2 Rc4 23. Rh1 Rhc8 24. Rcd1 a5 25. Ng5 Nf8 26. Qg4 f6 27. Nf3 Nf5 28. Bxf5 exf5 29. Qh4 Kf7 30. Qh8 Ke8 31. Rde1+ Kd7 32. Qg7+ Kc6 33. Re7 Ba6 34. Rhe1 Kb6 35. Nc3 R4c7 36. Qf7 Bb7 37. Nd2 Bc6 38. Nb3 b4 39. axb4 Qxb4 40. Rxc7 Rxc7 41. Qxf6 Nd7 42. Nxd5+ Kb5 43. Qxc6+ Rxc6 44. Nxb4 Kxb4 45. Nc1 Rc2 46. Nd3+ Kb3 47. Ra1 Rd2 48. Ra3+ Kc2 49. Rc3+ Kb1 50. d5 Nf6 51. d6 Rc2 52. Ra3 Rc6 53. Rxa5 Rxd6 54. Ra3 Kc2 55. Rc3+ Kd2 56. Ne5 Rd5 57. Nc4+ Ke2 58. Re3+ Kd1 59. Re6 Ng4 60. f3 Rd4 61. fxg4 Rxc4 62. Rxg6 fxg4 63. Rxg4 Rc2+ 64. Kh3 Ke2 65. f5 1-0

[Event "ISR-chT"]
[Site "Israel"]
[Date "2018.02.23"]
[Round "9.3"]
[White "Givon, Asaf"]
[Black "Caspi, Israel"]
[Result "1/2-1/2"]
[WhiteElo "2470"]
[BlackElo "2461"]
[PlyCount "37"]
[EventDate "2018.01.05"]
[EventType "team-tourn"]
[EventRounds "11"]
[EventCountry "ISR"]
[SourceTitle "EXT 2019"]
[Source "ChessBase"]
[SourceDate "2018.10.10"]
[SourceVersion "1"]
[SourceVersionDate "2018.10.10"]
[SourceQuality "1"]
[WhiteTeam "Kfar Saba Hapoel"]
[BlackTeam "Herzliya"]
[WhiteTeamCountry "ISR"]
[BlackTeamCountry "ISR"]

1. e4 d5 2. exd5 Qxd5 3. Nc3 Qd6 4. d4 Nf6 5. Nf3 a6 6. g3 Bg4 7. Bg2 Nc6 8. 0-0 0-0-0 9. d5 Ne5 10. Bf4 Nxf3+ 11. Bxf3 Bxf3 12. Qxf3 e5 13. dxe6 Qxe6 14. Bg5 Bd6 15. Rfe1 Be5 16. Na4 Rd5 17. Nc3 Rdd8 18. Na4 Rd5 19. Nc3 1/2-1/2

[Event "ISR-ch"]
[Site "Tiberias"]
[Date "2016.12.11"]
[Round "7"]
[White "Nabaty, Tamir"]
[Black "Givon, Asaf"]
[Result "1/2-1/2"]
[WhiteElo "2649"]
[BlackElo "2471"]
[PlyCount "108"]
[EventDate "2016.12.05"]
[EventType "swiss"]
[EventRounds "9"]
[EventCountry "ISR"]
[SourceTitle "CBM 176 Extra"]
[Source "ChessBase"]
[SourceDate "2017.03.02"]
[SourceVersion "1"]
[SourceVersionDate "2017.03.02"]
[SourceQuality "1"]

1. Nf3 c5 2. c4 Nf6 3. Nc3 e6 4. g3 b6 5. Bg2 Bb7 6. 0-0 Be7 7. d4 cxd4 8. Qxd4 d6 9. Bg5 0-0 10. Rfd1 Nc6 11. Qf4 Qb8 12. Nb5 Ne5 13. Bxf6 Bxf6 14. Nxd6 Nxf3+ 15. Bxf3 Bxf3 16. Qxf3 Bxb2 17. Rab1 Be5 18. c5 Qc7 19. Qe4 Qxc5 20. Rbc1 Bxd6 21. Rxc5 Bxc5 22. Rd7 a5 23. Qd3 Rfe8 24. Qf3 Rf8 25. Rxf7 Bxf2+ 26. Kg2 Bc5 27. Rf4 Rxf4 28. gxf4 Rf8 29. h4 Rf6 30. Qa8+ Kf7 31. Qb7+ Kg8 32. Qc8+ Kf7 33. Kf3 Rh6 34. Qc7+ Be7 35. a4 Rxh4 36. Qxb6 Rh3+ 37. Kg2 Rh5 38. e4 Rc5 39. Qb3 g6 40. Qb8 h5 41. e5 Rc2+ 42. Kf3 Rc3+ 43. Ke2 h4 44. Qh8 Rg3 45. Kf1 Rg4 46. Qh7+ Ke8 47. Ke2 Kd7 48. Qh8 Rxf4 49. Qb8 Bb4 50. Qb7+ Kd8 51. Qg7 Rf5 52. Qh8+ Kd7 53. Qxh4 Rxe5+ 54. Kf3 g5 1/2-1/2

[Event "ISR-ch"]
[Site "Tiberias"]
[Date "2016.12.05"]
[Round "1"]
[White "Kraus, Yair"]
[Black "Givon, Asaf"]
[Result "0-1"]
[WhiteElo "2218"]
[BlackElo "2471"]
[PlyCount "90"]
[EventDate "2016.12.05"]
[EventType "swiss"]
[EventRounds "9"]
[EventCountry "ISR"]
[SourceTitle "CBM 176 Extra"]
[Source "ChessBase"]
[SourceDate "2017.03.02"]
[SourceVersion "1"]
[SourceVersionDate "2017.03.02"]
[SourceQuality "1"]

1. d4 Nf6 2. c4 g6 3. Nc3 d5 4. Bf4 Bg7 5. e3 0-0 6. Qb3 c5 7. cxd5 cxd4 8. exd4 Nbd7 9. Be2 Nb6 10. Bf3 Bg4 11. Bxg4 Nxg4 12. Nf3 Nf6 13. d6 exd6 14. 0-0 Nh5 15. Bg5 Qd7 16. Nd5 Nxd5 17. Qxd5 h6 18. Be3 Nf6 19. Qb3 Rfc8 20. Rac1 b6 21. h3 Qb7 22. Bf4 Ne4 23. Rfe1 g5 24. Be3 Rxc1 25. Rxc1 Rc8 26. Rxc8+ Qxc8 27. Qd5 Qc2 28. b4 Bf8 29. Qf5 Qb1+ 30. Kh2 Nc3 31. Qc8 Nd5 32. Bd2 Qxa2 33. h4 Ne7 34. Qe8 f6 35. hxg5 hxg5 36. Qa8 Kf7 37. Be3 a5 38. bxa5 Qxa5 39. Qe4 Qd5 40. Qc2 b5 41. Nd2 Nf5 42. g4 Nh4 43. Qh7+ Ke8 44. Ne4 Be7 45. f4 f5 0-1

[Event "Titled Tuesday intern op 5th Jan"]
[Site "Chess.com INT"]
[Date "2016.01.05"]
[Round "5"]
[White "Givon, Asaf"]
[Black "Deviatkin, Andrei"]
[Result "1/2-1/2"]
[WhiteElo "2462"]
[BlackElo "2528"]
[PlyCount "124"]
[EventDate "2016.01.05"]
[EventType "swiss (blitz)"]
[EventRounds "9"]
[EventCountry "USA"]
[SourceTitle "EXT 2021"]
[Source "ChessBase"]
[SourceDate "2020.10.23"]
[SourceVersion "1"]
[SourceVersionDate "2020.10.23"]
[SourceQuality "1"]

1. e4 c6 2. d4 d5 3. Nd2 h6 4. Ngf3 dxe4 5. Nxe4 Bf5 6. Bd3 e6 7. 0-0 Nf6 8. Nxf6+ Qxf6 9. Bxf5 Qxf5 10. c3 Nd7 11. Qb3 Qb5 12. Re1 Bd6 13. Qxb5 cxb5 14. d5 e5 15. Nd4 a6 16. Nf5 Bf8 17. f4 f6 18. fxe5 Nxe5 19. Bf4 0-0-0 20. Bxe5 fxe5 21. Rxe5 g6 22. Nh4 Bd6 23. Re6 Bc5+ 24. Kh1 Rxd5 25. Nxg6 Rhd8 26. h4 h5 27. Nf4 Rf5 28. g3 Rd2 29. Re2 Rxe2 30. Nxe2 Rf2 31. Re1 Kd7 32. b4 Be3 33. Nd4 Bxd4 34. cxd4 Rxa2 35. Re5 Rb2 36. Rxh5 Rxb4 37. Rh7+ Ke6 38. Rxb7 Kf5 39. Kg2 Rxd4 40. Ra7 Rd6 41. Kh3 Rb6 42. g4+ Kg6 43. h5+ Kg5 44. Rg7+ Kh6 45. Rg8 Kh7 46. Rc8 b4 47. g5 b3 48. Rc7+ Kg8 49. Rc8+ Kg7 50. Rc7+ Kg8 51. Rc8+ Kg7 52. Rc7+ Kf8 53. h6 Kg8 54. Rc8+ Kh7 55. Rc7+ Kh8 56. Rc8+ Kh7 57. Rc7+ Kh8 58. Rc8+ Kh7 59. Rc7+ Kg8 60. Rc8+ Kh7 61. Rc7+ Kh8 62. Rc8+ Kh7 1/2-1/2

[Event "Riga Tech op 5th"]
[Site "Riga"]
[Date "2015.08.11"]
[Round "3"]
[White "Givon, Asaf"]
[Black "Melkumyan, Hrant"]
[Result "0-1"]
[WhiteElo "2440"]
[BlackElo "2633"]
[PlyCount "98"]
[EventDate "2015.08.10"]
[EventType "swiss"]
[EventRounds "9"]
[EventCountry "LAT"]
[SourceTitle "CBM 167 Extra"]
[Source "ChessBase"]
[SourceDate "2015.09.14"]
[SourceVersion "1"]
[SourceVersionDate "2015.09.14"]
[SourceQuality "1"]

1. e4 e5 2. Nf3 Nc6 3. Bb5 a6 4. Ba4 Nf6 5. 0-0 Be7 6. Re1 b5 7. Bb3 d6 8. c3 0-0 9. d4 Bg4 10. Be3 Bd7 11. Bc2 exd4 12. cxd4 Nb4 13. Nc3 Nxc2 14. Qxc2 Bg4 15. d5 Bxf3 16. gxf3 Nd7 17. Ne2 Ne5 18. Nd4 Qd7 19. Qe2 Bf6 20. Kh1 Nc4 21. Rac1 Rae8 22. b3 Nxe3 23. fxe3 Bxd4 24. exd4 f5 25. e5 dxe5 26. dxe5 Qxd5 27. Rxc7 Rf7 28. Rd1 Qe6 29. Rxf7 Qxf7 30. f4 h6 31. h3 Kh7 32. Qf3 Rc8 33. Rd2 b4 34. Kh2 a5 35. Qd5 Qh5 36. Qg2 Rc3 37. Rd6 Re3 38. Rd7 Qg6 39. Qxg6+ Kxg6 40. Rd6+ Kh5 41. Rd5 Kh4 42. Rxa5 Re2+ 43. Kg1 Kg3 44. Kf1 Rf2+ 45. Ke1 Rxf4 46. Rb5 Re4+ 47. Kf1 f4 48. e6 f3 49. e7 f2 0-1

[Event "Albena op-A"]
[Site "Albena"]
[Date "2015.06.24"]
[Round "8"]
[White "Anurag, Mhamal"]
[Black "Givon, Asaf"]
[Result "1-0"]
[WhiteElo "2397"]
[BlackElo "2463"]
[PlyCount "55"]
[EventDate "2015.06.17"]
[EventType "swiss"]
[EventRounds "9"]
[EventCountry "BUL"]
[SourceTitle "CBM 167 Extra"]
[Source "ChessBase"]
[SourceDate "2015.09.14"]
[SourceVersion "1"]
[SourceVersionDate "2015.09.14"]
[SourceQuality "1"]

1. d4 Nf6 2. c4 g6 3. Nc3 d5 4. cxd5 Nxd5 5. e4 Nxc3 6. bxc3 Bg7 7. Bb5+ c6 8. Ba4 0-0 9. Ne2 e5 10. 0-0 Qe7 11. Qc2 Re8 12. d5 b5 13. Bb3 Bb7 14. Rd1 Rd8 15. a4 Na6 16. Ba3 Qh4 17. axb5 cxb5 18. Nc1 Rac8 19. g3 Qf6 20. Nd3 Qf3 21. Re1 Nc7 22. Qd2 Qg4 23. h4 h6 24. Qe3 a6 25. Nc5 Ba8 26. Bb4 Qh3 27. Nxa6 Nxa6 28. Rxa6 1-0

[Event "Albena op-A"]
[Site "Albena"]
[Date "2015.06.22"]
[Round "6"]
[White "Ali Marandi, Cemil Can"]
[Black "Givon, Asaf"]
[Result "1-0"]
[WhiteElo "2420"]
[BlackElo "2463"]
[PlyCount "51"]
[EventDate "2015.06.17"]
[EventType "swiss"]
[EventRounds "9"]
[EventCountry "BUL"]
[SourceTitle "CBM 167 Extra"]
[Source "ChessBase"]
[SourceDate "2015.09.14"]
[SourceVersion "1"]
[SourceVersionDate "2015.09.14"]
[SourceQuality "1"]

1. e4 e5 2. Nf3 Nc6 3. Bb5 a6 4. Ba4 d6 5. 0-0 Bd7 6. d4 exd4 7. Nxd4 Be7 8. Bxc6 bxc6 9. Qf3 c5 10. Nf5 Bf6 11. Re1 Ne7 12. Nc3 0-0 13. Nxe7+ Bxe7 14. Bf4 Bc6 15. Rad1 Bf6 16. Qg3 Re8 17. Bd2 Rb8 18. b3 Rb4 19. Re2 Bxe4 20. Rde1 Bc6 21. Rxe8+ Bxe8 22. Nd5 Be5 23. Bg5 f6 24. Bxf6 Qd7 25. Bxe5 Rg4 26. Qf3 1-0

[Event "Albena op-A"]
[Site "Albena"]
[Date "2015.06.20"]
[Round "4"]
[White "Abdulov, Orkhan Javanshir"]
[Black "Givon, Asaf"]
[Result "1/2-1/2"]
[WhiteElo "2350"]
[BlackElo "2463"]
[PlyCount "126"]
[EventDate "2015.06.17"]
[EventType "swiss"]
[EventRounds "9"]
[EventCountry "BUL"]
[SourceTitle "CBM 167 Extra"]
[Source "ChessBase"]
[SourceDate "2015.09.14"]
[SourceVersion "1"]
[SourceVersionDate "2015.09.14"]
[SourceQuality "1"]

1. e4 c5 2. Nf3 e6 3. d4 cxd4 4. Nxd4 Nc6 5. Nc3 Qc7 6. Be3 a6 7. Be2 b5 8. a3 Bb7 9. 0-0 Nf6 10. Kh1 Ne5 11. f3 Rc8 12. Bg5 Nc4 13. Bxc4 Qxc4 14. Nb3 Qc7 15. Qd4 h6 16. Bxf6 gxf6 17. Rad1 Be7 18. Rd3 Rg8 19. Rfd1 Rd8 20. Qa7 b4 21. axb4 Bxb4 22. Qd4 Be7 23. R1d2 h5 24. Nd1 h4 25. Nf2 Qe5 26. Qxe5 fxe5 27. Na5 Ba8 28. Nc4 f6 29. Nd6+ Bxd6 30. Rxd6 Bc6 31. Nd3 a5 32. Nc5 Ke7 33. h3 a4 34. Na6 Bb5 35. Rb6 Bxa6 36. Rxa6 Ra8 37. Rxa8 Rxa8 38. Kh2 Rb8 39. c3 Rb3 40. Rc2 d5 41. g3 hxg3+ 42. Kxg3 f5 43. exf5 exf5 44. h4 Kf6 45. Rd2 a3 46. bxa3 Rxc3 47. Kg2 e4 48. fxe4 dxe4 49. Ra2 f4 50. a4 Rc6 51. a5 Ra6 52. Ra4 Kf5 53. Kf2 Ke5 54. h5 Kf5 55. Ke2 Kg4 56. Rxe4 Rxa5 57. Kf2 Rxh5 58. Ra4 Rh2+ 59. Kg1 Rh3 60. Kg2 Rb3 61. Ra2 Re3 62. Rb2 Re2+ 63. Rxe2 f3+ 1/2-1/2

[Event "Albena op-A"]
[Site "Albena"]
[Date "2015.06.19"]
[Round "3"]
[White "Givon, Asaf"]
[Black "Avramidou, Anastasia"]
[Result "1-0"]
[WhiteElo "2463"]
[BlackElo "2242"]
[PlyCount "165"]
[EventDate "2015.06.17"]
[EventType "swiss"]
[EventRounds "9"]
[EventCountry "BUL"]
[SourceTitle "CBM 167 Extra"]
[Source "ChessBase"]
[SourceDate "2015.09.14"]
[SourceVersion "1"]
[SourceVersionDate "2015.09.14"]
[SourceQuality "1"]

1. c4 g6 2. g3 Bg7 3. Bg2 d6 4. Nc3 c6 5. e4 e5 6. Nge2 Ne7 7. 0-0 0-0 8. d4 a5 9. Be3 Qc7 10. Qd2 Na6 11. Rac1 f5 12. dxe5 dxe5 13. Na4 Rd8 14. Qc2 c5 15. Nec3 b6 16. Bg5 Rb8 17. Nb5 Qd7 18. exf5 gxf5 19. Rcd1 Qe8 20. Nd6 Qf8 21. Bxe7 Qxe7 22. Bd5+ Be6 23. Nxf5 Qf7 24. Bxe6 Qxe6 25. Qe4 Bf8 26. Nc3 Nc7 27. Rfe1 Rxd1 28. Rxd1 Re8 29. Nd5 Nxd5 30. cxd5 Qd7 31. d6 Re6 32. Rd5 Bg7 33. Nxg7 Kxg7 34. Rxe5 Rxe5 35. Qxe5+ Kf7 36. h4 a4 37. a3 Qe6 38. Qf4+ Kg7 39. Kh2 h6 40. g4 b5 41. g5 h5 42. Qd2 Qg4 43. Qc3+ Kg8 44. Qg3 Qd1 45. Kg2 b4 46. axb4 cxb4 47. d7 Qxd7 48. Qb8+ Kg7 49. Qxb4 Qd5+ 50. f3 Qd3 51. Qe7+ Kg8 52. Qe8+ Kg7 53. Qe5+ Kg8 54. Kg3 Qb1 55. Qe8+ Kg7 56. Qe5+ Kg8 57. Kf4 Qh1 58. Qe8+ Kg7 59. Qe7+ Kg8 60. Qd8+ Kg7 61. Qd7+ Kg8 62. Qd5+ Kg7 63. Qe5+ Kg8 64. Kf5 Qxf3+ 65. Ke6 Qg4+ 66. Kf6 Qf3+ 67. Qf5 Qb7 68. Qe6+ Kf8 69. Qd6+ Ke8 70. Qe5+ Kf8 71. Qd6+ Ke8 72. Qe5+ Kf8 73. g6 Qg7+ 74. Kf5 Qd7+ 75. Kg5 Kg8 76. Qb8+ Kg7 77. Qe5+ Kg8 78. Kxh5 Qd1+ 79. Kh6 Qd2+ 80. Kh5 Qd1+ 81. Kh6 Qd2+ 82. Qg5 Qd7 83. Qe5 1-0

[Event "Albena op-A"]
[Site "Albena"]
[Date "2015.06.18"]
[Round "2"]
[White "Atakisi, Umut"]
[Black "Givon, Asaf"]
[Result "1/2-1/2"]
[WhiteElo "2307"]
[BlackElo "2463"]
[PlyCount "77"]
[EventDate "2015.06.17"]
[EventType "swiss"]
[EventRounds "9"]
[EventCountry "BUL"]
[SourceTitle "CBM 167 Extra"]
[Source "ChessBase"]
[SourceDate "2015.09.14"]
[SourceVersion "1"]
[SourceVersionDate "2015.09.14"]
[SourceQuality "1"]

1. e4 c5 2. Nf3 e6 3. g3 Nc6 4. Bg2 Nf6 5. Qe2 e5 6. 0-0 Be7 7. c3 0-0 8. d4 cxd4 9. cxd4 d5 10. dxe5 Nxe4 11. Rd1 Be6 12. Nbd2 Nc5 13. Nf1 Qc7 14. Bf4 Rad8 15. Nd4 g5 16. Nxc6 bxc6 17. Bd2 Bf5 18. Bb4 Rfe8 19. Qe3 Qb6 20. Ba3 Ne6 21. Bxe7 Rxe7 22. Qf3 Bg6 23. Qf6 Rde8 24. Ne3 Ng7 25. Bxd5 cxd5 26. Nxd5 Qxf6 27. exf6 Rd7 28. fxg7 Kxg7 29. b3 Red8 30. Ne3 Rxd1+ 31. Nxd1 Rd7 32. Kg2 Rd2 33. Ne3 f6 34. Kf1 f5 35. Ke1 Rb2 36. Nc4 Rc2 37. Ne3 Rb2 38. Nc4 Rc2 39. Ne3 1/2-1/2

[Event "Golden Sands op-A"]
[Site "Golden Sands"]
[Date "2015.06.10"]
[Round "3"]
[White "Qiu, Mengjie"]
[Black "Givon, Asaf"]
[Result "0-1"]
[WhiteElo "2115"]
[BlackElo "2463"]
[PlyCount "102"]
[EventDate "2015.06.08"]
[EventType "swiss"]
[EventRounds "9"]
[EventCountry "BUL"]
[SourceTitle "CBM 167 Extra"]
[Source "ChessBase"]
[SourceDate "2015.09.14"]
[SourceVersion "1"]
[SourceVersionDate "2015.09.14"]
[SourceQuality "1"]

1. e4 c5 2. Nf3 e6 3. d4 cxd4 4. Nxd4 Nc6 5. Nc3 Qc7 6. Be2 Nf6 7. 0-0 Be7 8. Be3 0-0 9. f4 d6 10. Bf3 Na5 11. Qd3 a6 12. Rae1 Re8 13. Bc1 Nd7 14. Kh1 Bf8 15. a4 Rb8 16. b3 b6 17. Bb2 Bb7 18. Bg4 Nc6 19. Nxc6 Qxc6 20. Qh3 Qc8 21. Re2 Nf6 22. Bf3 e5 23. Qg3 Qc7 24. Rfe1 Rbd8 25. Nd5 Nxd5 26. exd5 f6 27. c4 b5 28. axb5 axb5 29. Rc1 bxc4 30. bxc4 Ba6 31. Rec2 Rb8 32. fxe5 fxe5 33. Be4 g6 34. Ba3 Bh6 35. Re1 Bf8 36. Qe3 Rbc8 37. Rec1 Qa5 38. c5 dxc5 39. Bxc5 Bxc5 40. Rxc5 Rxc5 41. Rxc5 Qa1+ 42. Rc1 Qd4 43. Qe1 Rf8 44. Bf3 Bd3 45. Qa5 Qf4 46. Qe1 e4 47. Rd1 Bc2 48. Rd2 exf3 49. Rxc2 f2 50. Qf1 Qe3 51. Ra2 Qe1 0-1

[Event "Rishon Le Ziyyon Fridman Memorial"]
[Site "Rishon Le Ziyyon"]
[Date "2015.03.30"]
[Round "7"]
[White "Givon, Asaf"]
[Black "Nakar, Eylon"]
[Result "0-1"]
[WhiteElo "2473"]
[BlackElo "2465"]
[PlyCount "90"]
[EventDate "2015.03.22"]
[EventType "tourn"]
[EventRounds "9"]
[EventCountry "ISR"]
[EventCategory "8"]
[SourceTitle "CBM 165 Extra"]
[Source "ChessBase"]
[SourceDate "2015.04.21"]
[SourceVersion "1"]
[SourceVersionDate "2015.04.21"]
[SourceQuality "1"]

1. e4 e6 2. d4 d5 3. Nc3 Nf6 4. e5 Nfd7 5. f4 c5 6. Nf3 Be7 7. Be3 0-0 8. Qd2 b6 9. Nd1 a5 10. c3 a4 11. Rb1 Nc6 12. Nf2 Na5 13. b3 axb3 14. axb3 Qc7 15. Be2 Ba6 16. 0-0 Bxe2 17. Qxe2 Rfc8 18. Rfc1 Qb7 19. Nd2 cxd4 20. Bxd4 Nc6 21. Be3 Ba3 22. Rd1 Ne7 23. Bd4 Nf5 24. b4 Nxd4 25. cxd4 Rc3 26. Qb5 Rac8 27. Ra1 Bc1 28. Nd3 Bxd2 29. Rxd2 Nb8 30. Rdd1 Qc6 31. Qxc6 Nxc6 32. Rdc1 Nxd4 33. Rxc3 Ne2+ 34. Kf2 Nxc3 35. Ra6 Rb8 36. g4 Kf8 37. Ke3 Ke7 38. Nb2 Kd7 39. Ra7+ Ke8 40. Ra6 Kd7 41. Ra7+ Ke8 42. Ra6 Nb5 43. Na4 Na3 44. Kd3 Nc4 45. b5 g5 0-1

[Event "Rishon Le Ziyyon Fridman Memorial"]
[Site "Rishon Le Ziyyon"]
[Date "2015.03.26"]
[Round "4"]
[White "Kaganskiy, Gleb"]
[Black "Givon, Asaf"]
[Result "1/2-1/2"]
[WhiteElo "2221"]
[BlackElo "2473"]
[PlyCount "106"]
[EventDate "2015.03.22"]
[EventType "tourn"]
[EventRounds "9"]
[EventCountry "ISR"]
[EventCategory "8"]
[SourceTitle "CBM 165 Extra"]
[Source "ChessBase"]
[SourceDate "2015.04.21"]
[SourceVersion "1"]
[SourceVersionDate "2015.04.21"]
[SourceQuality "1"]

1. Nf3 c5 2. e4 d6 3. d4 cxd4 4. Nxd4 Nf6 5. Nc3 a6 6. Bc4 e6 7. Bb3 Nbd7 8. f4 Nc5 9. 0-0 Nfxe4 10. Nxe4 Nxe4 11. f5 e5 12. Qh5 d5 13. Re1 Qc7 14. Bxd5 Nf6 15. Qf3 Bc5 16. Be3 0-0 17. Nb3 Bxe3+ 18. Rxe3 Nxd5 19. Qxd5 Bxf5 20. c3 Rfe8 21. Rae1 Qb6 22. Kh1 g6 23. Rxe5 Rxe5 24. Qxe5 Be6 25. Nc5 Bf5 26. b4 h5 27. h3 Qc6 28. Kg1 Rd8 29. a3 b6 30. Ne4 Bxe4 31. Rxe4 b5 32. Rd4 Re8 33. Rd6 Qa8 34. Qd4 Qc8 35. Qd5 Kg7 36. Rd7 Rf8 37. Qe5+ Kg8 38. Rd6 Rd8 39. Rxd8+ Qxd8 40. Qc5 Qd1+ 41. Kh2 Qa4 42. Qe7 Qxa3 43. c4 bxc4 44. Qe8+ Kg7 45. Qe5+ Kh7 46. Qe7 Qd3 47. Qxf7+ Kh6 48. Qf4+ Kg7 49. Qe5+ Kf7 50. Qc7+ Ke6 51. Qc8+ Ke7 52. Qc7+ Ke6 53. Qc8+ Ke7 1/2-1/2

[Event "Rishon Le Ziyyon Fridman Memorial"]
[Site "Rishon Le Ziyyon"]
[Date "2015.03.22"]
[Round "1"]
[White "Givon, Asaf"]
[Black "Raznikov, Danny"]
[Result "1/2-1/2"]
[WhiteElo "2473"]
[BlackElo "2473"]
[PlyCount "72"]
[EventDate "2015.03.22"]
[EventType "tourn"]
[EventRounds "9"]
[EventCountry "ISR"]
[EventCategory "8"]
[SourceTitle "CBM 165 Extra"]
[Source "ChessBase"]
[SourceDate "2015.04.21"]
[SourceVersion "1"]
[SourceVersionDate "2015.04.21"]
[SourceQuality "1"]

1. e4 e5 2. Nf3 Nc6 3. Bb5 a6 4. Ba4 Nf6 5. 0-0 Be7 6. d3 b5 7. Bb3 d6 8. a3 0-0 9. Ba2 Be6 10. Bxe6 fxe6 11. c3 d5 12. Qe2 Qd6 13. Re1 Rad8 14. Nbd2 Nh5 15. Nf1 dxe4 16. dxe4 Qd3 17. Qxd3 Rxd3 18. Be3 Nf4 19. g3 g5 20. Red1 g4 21. Ne1 Nh3+ 22. Kg2 Rxe3 23. Nxe3 Rxf2+ 24. Kh1 Re2 25. Nxg4 h5 26. Nh6+ Kg7 27. Rd7 Kxh6 28. Rxc7 Nf2+ 29. Kg1 Nxe4 30. Rxc6 Bc5+ 31. Kh1 Nf2+ 32. Kg2 Nd3+ 33. Kf3 Re3+ 34. Kg2 Re2+ 35. Kf3 Re3+ 36. Kg2 Re2+ 1/2-1/2

[Event "EU-ch 16th"]
[Site "Jerusalem"]
[Date "2015.03.08"]
[Round "11"]
[White "Givon, Asaf"]
[Black "Grigoryan, Karen H"]
[Result "1/2-1/2"]
[WhiteElo "2473"]
[BlackElo "2596"]
[PlyCount "75"]
[EventDate "2015.02.24"]
[EventType "swiss"]
[EventRounds "11"]
[EventCountry "ISR"]
[SourceTitle "CBM 166"]
[Source "ChessBase"]
[SourceDate "2015.05.11"]
[SourceVersion "1"]
[SourceVersionDate "2015.05.11"]
[SourceQuality "1"]

1. e4 c5 2. Nf3 Nc6 3. Bb5 g6 4. Bxc6 bxc6 5. 0-0 Bg7 6. Re1 d6 7. e5 Bg4 8. exd6 Qxd6 9. h3 Bxf3 10. Qxf3 Nh6 11. d3 Nf5 12. Nd2 Rd8 13. Nc4 Qd5 14. Qd1 0-0 15. Bd2 e5 16. Bc3 Nd4 17. Qd2 f5 18. Bxd4 cxd4 19. Re2 e4 20. Rae1 e3 21. fxe3 dxe3 22. Nxe3 Qc5 23. b4 Qd4 24. Kh1 f4 25. Ng4 f3 26. gxf3 Rxf3 27. Re8+ Rxe8 28. Rxe8+ Kf7 29. Qe2 Rf1+ 30. Qxf1+ Kxe8 31. Qf3 Qc3 32. Qe3+ Kd8 33. Qxa7 Bd4 34. Qb8+ Kd7 35. Qb7+ Kd8 36. Qb8+ Kd7 37. Qb7+ Kd8 38. Qb8+ 1/2-1/2

[Event "EU-ch 16th"]
[Site "Jerusalem"]
[Date "2015.03.02"]
[Round "6"]
[White "Givon, Asaf"]
[Black "Zanan, Evgeny"]
[Result "1-0"]
[WhiteElo "2473"]
[BlackElo "2327"]
[PlyCount "129"]
[EventDate "2015.02.24"]
[EventType "swiss"]
[EventRounds "11"]
[EventCountry "ISR"]
[SourceTitle "CBM 166"]
[Source "ChessBase"]
[SourceDate "2015.05.11"]
[SourceVersion "1"]
[SourceVersionDate "2015.05.11"]
[SourceQuality "1"]

1. e4 e5 2. Nf3 Nc6 3. Bb5 a6 4. Ba4 Nf6 5. 0-0 Be7 6. Re1 b5 7. Bb3 0-0 8. c3 d5 9. exd5 Nxd5 10. Nxe5 Nxe5 11. Rxe5 c6 12. Re1 Bd6 13. d3 Bf5 14. Qf3 Qd7 15. Bxd5 cxd5 16. Bf4 Bxf4 17. Qxf4 Bxd3 18. Nd2 Rfe8 19. Nf3 f6 20. Nd4 Bg6 21. Qd2 Rac8 22. Rxe8+ Bxe8 23. Re1 Bf7 24. h3 g6 25. Qf4 Kg7 26. Re3 Re8 27. a3 Rxe3 28. Qxe3 Qd6 29. Nf3 Be6 30. Kf1 Bf5 31. Nd4 Bd7 32. Nb3 Bf5 33. Nd4 Bd7 34. h4 Qe5 35. Ke2 Kf7 36. g3 Be8 37. Kd2 Bd7 38. Nb3 Bg4 39. Nc5 a5 40. Nd3 Qc7 41. Qh6 Kg8 42. Qf4 Qc4 43. Qxf6 b4 44. axb4 Qb3 45. Qd8+ Kg7 46. Qc7+ Kg8 47. Qb8+ Kg7 48. Qe5+ Kg8 49. Qe8+ Kg7 50. Qe5+ Kg8 51. bxa5 Bf5 52. Qe8+ Kg7 53. Qe7+ Kg8 54. Qb4 Qa2 55. Qb5 Kg7 56. a6 Kh6 57. Qb6 d4 58. Qxd4 Qxa6 59. g4 Bxd3 60. Qxd3 Qa2 61. Qe3+ Kg7 62. Qe5+ Kf8 63. Qb8+ Ke7 64. Qb4+ Ke6 65. c4 1-0

[Event "EU-ch 16th"]
[Site "Jerusalem"]
[Date "2015.02.27"]
[Round "4"]
[White "Givon, Asaf"]
[Black "Bartel, Mateusz"]
[Result "0-1"]
[WhiteElo "2473"]
[BlackElo "2631"]
[PlyCount "88"]
[EventDate "2015.02.24"]
[EventType "swiss"]
[EventRounds "11"]
[EventCountry "ISR"]
[SourceTitle "CBM 166"]
[Source "ChessBase"]
[SourceDate "2015.05.11"]
[SourceVersion "1"]
[SourceVersionDate "2015.05.11"]
[SourceQuality "1"]

1. e4 e5 2. Nf3 Nc6 3. Bb5 a6 4. Ba4 Nf6 5. 0-0 Be7 6. Re1 b5 7. Bb3 d6 8. c3 0-0 9. d4 Bg4 10. d5 Na5 11. Bc2 Qc8 12. Nbd2 c6 13. h3 Bd7 14. b4 Nb7 15. dxc6 Qxc6 16. Bb2 Nd8 17. Bd3 Ne6 18. Rc1 a5 19. a3 Qb7 20. Nb3 a4 21. Nbd2 Bc6 22. g3 g6 23. Kh2 Ne8 24. c4 f5 25. exf5 gxf5 26. cxb5 Bxb5 27. Bxb5 Qxb5 28. Nc4 Rd8 29. Na5 Bf6 30. Nc6 Ra8 31. Qc2 Qb6 32. Kg1 Rf7 33. Qxf5 N8c7 34. Qe4 Bg7 35. Na5 Raf8 36. Nc4 Qa7 37. Ncd2 Bh6 38. Kh1 Qxf2 39. Rf1 Qa7 40. Rcd1 Bxd2 41. Nxd2 Ng5 42. Qc6 Nxh3 43. Rxf7 Rxf7 44. Ne4 Qe3 0-1